| 000 | 00732cab a2200229 4500 | ||
|---|---|---|---|
| 001 | WB3519-53 | ||
| 008 | 090401t1999 xxu||||| |||| 00| 0 eng d | ||
| 035 | _a(Sirsi) u93389 | ||
| 041 | _aeng | ||
| 245 | _aDirty tricks investigation | ||
| 260 | _c1999 | ||
| 350 | _a0 | ||
| 490 |
_aSunday Times _v16 May 1999, 1(1) |
||
| 520 | _aThe Office of Fair Trading is investigating claims that some estate agents mislead clients into signing sole agency agreements by telling them that it is a legal requirement to do so. | ||
| 650 | _aBAD PRACTICE | ||
| 650 | _aESTATE AGENTS | ||
| 650 | _aOFT | ||
| 650 | _aSOLE AGENCY | ||
| 690 | _aMANAGEMENT-BUSINESS MANAGEMENT-PROFESSIONAL PRACTICE | ||
| 942 | _n0 | ||
| 948 | _c18/05/1999 | ||
| 999 |
_c59192 _d59192 |
||